Loading...
| Science - Physics | 0 | 13 | 0 | 1 | 130 | 51 | 93.08 | 2 | 3 |
| Science - Other Science | 0 | 11 | 2 | 1 | 100 | 44 | 88.64 | 2 | 4 |
| Science - Chemistry | 0 | 8 | 1 | 1 | 75 | 70 | 109.50 | 0 | 1 |
| Literature - European Literature | 0 | 7 | 0 | 0 | 70 | 114 | 128.57 | 0 | 0 |
| Social Science | 0 | 7 | 0 | 0 | 70 | 99 | 122.14 | 0 | 1 |
| Literature - American Literature | 0 | 7 | 0 | 1 | 70 | 34 | 112.43 | 2 | 2 |
| Philosophy | 0 | 6 | 0 | 1 | 60 | 108 | 126.50 | 0 | 0 |
| Science - Biology | 0 | 4 | 1 | 1 | 35 | 96 | 115.50 | 0 | 0 |
| Literature - British Literature | 0 | 4 | 1 | 0 | 35 | 121 | 139.25 | 0 | 0 |
| History - European History | 0 | 3 | 0 | 2 | 30 | 134 | 141.67 | 0 | 0 |
| Literature - World Literature | 0 | 3 | 1 | 0 | 25 | 136 | 141.67 | 0 | 0 |
| History - American History | 0 | 3 | 1 | 0 | 25 | 114 | 127.33 | 0 | 0 |
| Painting & Sculpture | 0 | 3 | 1 | 0 | 25 | 137 | 138.00 | 0 | 0 |
| Religion | 0 | 3 | 1 | 0 | 25 | 85 | 112.00 | 0 | 0 |
| Mythology | 0 | 1 | 0 | 0 | 10 | 95 | 95.00 | 0 | 0 |
| Current Events | 0 | 1 | 0 | 0 | 10 | 55 | 55.00 | 0 | 0 |
| Any History | 0 | 1 | 0 | 1 | 10 | 132 | 132.00 | 0 | 0 |
| Geography | 0 | 1 | 0 | 0 | 10 | 138 | 138.00 | 0 | 0 |
| Fine Arts - Other Fine Arts | 0 | 2 | 2 | 1 | 10 | 134 | 141.00 | 0 | 0 |
| Other Academic | 0 | 2 | 2 | 1 | 10 | 117 | 129.00 | 0 | 1 |
| Fine Arts - Classical Music | 0 | 2 | 2 | 1 | 10 | 143 | 144.00 | 0 | 0 |